| 000 | 00975cam a22002771 4500 | ||
|---|---|---|---|
| 001 | 6566260 | ||
| 005 | 20050828172820.0 | ||
| 008 | 740103s1963 xx 000 0 eng | ||
| 010 | _a 62021115 | ||
| 015 | _aGB63-12838 | ||
| 020 | _a9780070092471 | ||
| 035 | _a(OCoLC)769715 | ||
| 040 |
_aDLC _cOYU _dCCC _dUk _dDLC |
||
| 042 | _apremarc | ||
| 050 | 0 | 0 |
_aHB171.5 _b.M139 1963 |
| 082 |
_a338 _bMCC |
||
| 100 | 1 |
_aMcConnell, Campbell R. _93360 |
|
| 245 | 0 | 0 |
_aMicroeconomics: _bPrinciples, problems, and policies. _cCampbell R. Mcconnell , Stanley L. Brue & Sean M. Flynn |
| 250 | _a18th ed. | ||
| 260 |
_aNew York, _bMcGraw-Hill _c2009 |
||
| 300 |
_a1 v. _bill. col.; _c24 cm. |
||
| 504 | _aIncludes bibliographical references and index. | ||
| 650 | 0 |
_aEconomics. _93361 |
|
| 942 |
_2ddc _cBB |
||
| 999 |
_c11229 _d11229 |
||